Bodies of Water by Picture #2 - Statistics

General Stats
  • This quiz has been taken 49 times
  • The average score is 10 of 20
Answer Stats
Picture Answer % Correct
{Panama} Canal
93%
{Niagara} Falls
90%
{Seine} River
83%
{Angel} Falls
79%
{Puget} Sound
79%
{Bosphorus} Strait
74%
{Ganges} River
69%
{Aral} Sea
67%
{Yangtze} River
55%
{Colorado} River
52%
{Rhine} River
50%
{Delaware} River
48%
{Chesapeake} Bay
45%
Lake {Erie}
45%
Lake {Titicaca}
36%
Lake {Mead}
21%
{Victoria} Harbour
17%
{Charles} River
10%
{Tyrhennian} Sea
5%
{Chesapeake} and {Delaware} Canal
0%
No matching quizzes found
Score Distribution
Percent of People with Each Score
Percentile by Number Answered
Your Score History
You have not taken this quiz